Cryptochlora perforans, a new genus and species of algae (<Chlorarachniophyta>), capable of penetrating dead algal filaments (Registro nro. 10461)

Detalles MARC
000 -CABECERA
Campo de control 006790000a22001930004500
090 ## - CLASIFICACIÓN LOCAL
Colección AR
Consecutivo 01376
041 0# - IDIOMA
Código de idioma para texto/pista de sonido o título separado
100 1# - ASIENTO PRINCIPAL--NOMBRE PERSONAL
Nombre personal Calderón Sáez, Eduardo
245 10 - MENCION DE TITULO
Título Cryptochlora perforans, a new genus and species of algae (<Chlorarachniophyta>), capable of penetrating dead algal filaments
650 14 - ASIENTO SECUNDARIO DE MATERIA - TERMINO TEMATICO
Término temático o nombre geográfico como elemento de entrada Algas
650 14 - ASIENTO SECUNDARIO DE MATERIA - TERMINO TEMATICO
Término temático o nombre geográfico como elemento de entrada Costa caribe
650 14 - ASIENTO SECUNDARIO DE MATERIA - TERMINO TEMATICO
Término temático o nombre geográfico como elemento de entrada Flora marina
650 14 - ASIENTO SECUNDARIO DE MATERIA - TERMINO TEMATICO
Término temático o nombre geográfico como elemento de entrada Nuevas especies
651 #4 - ASIENTO SECUNDARIO DE MATERIA - NOMBRE GEOGRAFICO
-- Santa Marta
-- Magdalena
-- Colombia
653 ## - TERMINO DE INDIZACION - NO CONTROLADO
-- Cryptochlora
-- Cryptochlora perforans
700 1# - ASIENTO SECUNDARIO - NOMBRE PERSONAL
Nombre personal Schnetter, Reinhard
773 1# - Item fuente:
Título Plant Systematics and Evolution
Especificación de materiales 496
Paginas del Articulo 69-71
Lugar, editorial y fecha de publicación 1987
Información sobre la relación 158
942 ## - ELEMENTOS ADICIONALES (KOHA)
Tipo de ítem Artículo
Existencias
Withdrawn status Lost status Damaged status No para préstamo Colección Ubicación Permanente Ubicación actual Fecha de adquisición Fuente de Valor Datos de publicación Seriada Total Checkouts Número topográfico Inventario / Código de Barras Date last seen Ejemplar Price effective from Forma de adquisición Tipo de material
      No para Préstamo Hemeroteca Bogotá Bogotá 27/02/2015 INCIVA Fuera de circulación   AR 01376 011726 25/03/2015 1 25/03/2015   Artículo